000 00712cab a2200181 4500
001 L130822
008 050902n2005 000 0 eng u
035 _a(Sirsi) u130822
041 0 _aeng
245 0 0 _aBenchmark
_bNHBC housing statistics Q2 2005
260 _c2005
490 0 _aContract Journal
_v429(6539) 24 August 2005, 11(1)
520 _aNational House Building Council housing statistics for the second quarter 2005. Data shows falls in housing starts, increases in housing completions and little change in the timber frame market share. Tables.
590 _aIKA130905
651 4 _aUnited Kingdom
_y
690 _aPROPERTY-RESIDENTIAL PROPERTY-DOMESTIC RESIDENTIAL PROPERTY-HOUSING
942 _n0
999 _c75813
_d75813